[Event "5th Open"]
[Site "Sort ESP"]
[Date "2009.06.25"]
[Round "2"]
[White "Roy,Pa"]
[Black "Edo Teys,E"]
[Result "0-1"]
[WhiteElo "2061"]
[BlackElo "1894"]
[EventDate "2009.06.24"]

1. e4 c5 2. Nf3 d6 3. d4 cxd4 4. Nxd4 Nf6 5. f3 g6 6. c4 Bg7 7. Nc3 O-O 8.
Be3 Nc6 9. Qd2 Nd7 10. Be2 Nb6 11. O-O Ne5 12. b3 Bd7 13. Rac1 Bc6 14. Bh6
a5 15. Bxg7 Kxg7 16. Qg5 e6 17. Qg3 a4 18. f4 Ned7 19. f5 e5 20. Nf3 axb3
21. axb3 Ra3 22. Nh4 Nf6 23. Bd1 Bxe4 24. Nxe4 Nxe4 25. Qh3 Nd5 26. cxd5
Qb6+ 27. Kh1 Nf2+ 28. Rxf2 Qxf2 29. Bc2 Qxc2 30. f6+ Kg8 31. Qe3 Qxc1+ 32.
Qxc1 Rfa8 33. Nf3 Ra1 34. Qg1 Rxg1+ 35. Kxg1 Ra1+ 36. Kf2 Rd1 0-1

[Event "5th Open"]
[Site "Sort ESP"]
[Date "2009.06.26"]
[Round "3"]
[White "Movsziszian,K"]
[Black "Kohlweyer,B"]
[Result "1/2-1/2"]
[WhiteElo "2556"]
[BlackElo "2435"]
[EventDate "2009.06.24"]

1. g3 c5 2. Bg2 Nc6 3. d3 g6 4. f4 Bg7 5. Nf3 d6 6. O-O e5 7. Nc3 Nge7 8.
fxe5 dxe5 9. Ne4 O-O 10. Nxc5 Qb6 11. Be3 e4 12. dxe4 Qxb2 13. Rb1 Qxa2 14.
Qc1 b6 15. Nd3 Qc4 16. Kh1 Be6 17. Bh6 Qc3 18. Bd2 Qc4 19. Bh6 Qc3 20. Bd2
Qc4 21. Bh6 f6 1/2-1/2

[Event "5th Open"]
[Site "Sort ESP"]
[Date "2009.06.26"]
[Round "3"]
[White "Priyadharshan,K"]
[Black "Barsov,A"]
[Result "1/2-1/2"]
[WhiteElo "2411"]
[BlackElo "2505"]
[EventDate "2009.06.24"]

1. e4 e6 2. d4 d5 3. Bd3 dxe4 4. Bxe4 Nf6 5. Bf3 c5 6. Ne2 Nc6 7. c3 cxd4
8. cxd4 g6 9. Nbc3 Bg7 10. O-O O-O 1/2-1/2

[Event "5th Open"]
[Site "Sort ESP"]
[Date "2009.06.26"]
[Round "3"]
[White "Colovic,A"]
[Black "Pogorelov,R"]
[Result "0-1"]
[WhiteElo "2443"]
[BlackElo "2420"]
[EventDate "2009.06.24"]

1. d4 Nf6 2. c4 e6 3. g3 Bb4+ 4. Bd2 Be7 5. Bg2 d5 6. Nf3 c6 7. Qc2 O-O 8.
O-O Nbd7 9. Rd1 b6 10. Bf4 Ba6 11. Ne5 Nxe5 12. dxe5 Nd7 13. cxd5 cxd5 14.
e4 Rc8 15. Nc3 d4 16. Rxd4 Qc7 17. Rad1 Rfd8 18. h4 h6 19. h5 Nb8 20. Rxd8+
Bxd8 21. Qa4 Qc6 22. Qxc6 Nxc6 23. Bf1 Bxf1 24. Kxf1 a6 25. Rd6 Kf8 26. Be3
Nxe5 27. Bxb6 Be7 28. Rd1 Nc4 29. Na4 Nxb6 30. Nxb6 Rc2 31. Na4 Rc4 32. Nc3
Bf6 33. Rd6 Bxc3 34. bxc3 Ra4 35. Rd8+ Ke7 36. Rg8 Rxe4 37. Rxg7 Kf8 38. f3
Re3 39. Rg4 Rxf3+ 40. Kg2 Rxc3 41. Ra4 Rc5 42. g4 a5 43. Kf3 Kg7 44. Kg3
Kf6 45. Rf4+ Ke7 46. Ra4 f5 47. gxf5 Rxf5 48. Kg4 Rb5 49. a3 Rc5 50. Re4
Kd6 51. Rf4 Rg5+ 52. Kh4 Rf5 53. Ra4 Ke7 54. Rc4 Kf6 55. Ra4 Rd5 56. Rg4
Rg5 57. Ra4 Ke7 58. Rc4 Kd6 59. Ra4 Rf5 60. Kg4 Rd5 61. Rf4 Ke5 62. Rf8
Rd4+ 63. Kg3 Rd3+ 64. Kg4 Rxa3 65. Rh8 Ra1 66. Kg3 a4 67. Kg2 a3 68. Rh7 a2
69. Ra7 Kf5 70. Ra5+ e5 71. Kh2 Kf4 72. Kg2 e4 73. Ra4 Ke5 74. Ra3 Kd4 75.
Ra4+ Kc5 76. Kh2 e3 0-1

[Event "5th Open"]
[Site "Sort ESP"]
[Date "2009.06.26"]
[Round "3"]
[White "Roeder,M"]
[Black "Udeshi,A"]
[Result "1-0"]
[WhiteElo "2426"]
[BlackElo "2281"]
[EventDate "2009.06.24"]

1. Nf3 d5 2. d4 e6 3. c4 c5 4. cxd5 exd5 5. g3 Nc6 6. Bg2 Nf6 7. O-O Be7 8.
Nc3 O-O 9. Bg5 cxd4 10. Nxd4 h6 11. Be3 Re8 12. Rc1 Bf8 13. Nxc6 bxc6 14.
Na4 Bd7 15. Bc5 Bxc5 16. Nxc5 Bg4 17. Re1 Qa5 18. h3 Bf5 19. Qd4 Rab8 20.
a3 Qb5 21. b3 Ne4 22. b4 Nxc5 23. Rxc5 Qa6 24. Ra5 Qb6 25. Qc5 Qxc5 26.
Rxc5 Re6 27. Bf1 Bd3 28. e3 Bxf1 29. Kxf1 Rb6 30. Ra5 a6 31. Rc1 Kf8 32.
Ra4 Ke8 33. Rc5 Re7 34. Rca5 Ra7 35. Ke2 Kd7 36. Kd3 Kd6 37. Kd4 Ra8 38. h4
Kc7 39. e4 dxe4 40. Kxe4 Re8+ 41. Kf3 Kb7 42. Rf5 Re7 43. Raa5 Rb5 44.
Raxb5+ axb5 45. h5 Kc7 46. g4 Kd6 47. g5 hxg5 48. Rxg5 f6 49. Rg3 Re5 50.
Rxg7 Rxh5 51. Kg4 Rh2 52. Kg3 Rh1 53. Kf4 Ke6 54. Rg3 Rh4+ 55. Rg4 Rh3 56.
f3 Rh1 57. Rg2 Ra1 58. Re2+ Kf7 59. Re3 Rc1 60. Kf5 c5 61. Re6 c4 62. Rxf6+
Ke7 63. Rb6 Rc3 64. Ke4 Rxa3 65. Rxb5 Kd6 66. Rd5+ Ke6 67. f4 Rb3 68. f5+
Kf6 69. Rb5 Rb1 70. Kd4 Rc1 71. Rc5 c3 72. Rxc3 Rb1 73. Kc5 Kxf5 74. Re3
Kf6 75. b5 Rc1+ 76. Kd6 Rd1+ 77. Kc6 Rc1+ 78. Kb7 Kf7 79. b6 Kf6 80. Ka7
Ra1+ 81. Kb8 Rb1 82. b7 Rb2 83. Ra3 Ke7 84. Ka8 1-0

[Event "5th Open"]
[Site "Sort ESP"]
[Date "2009.06.26"]
[Round "3"]
[White "Gagare,Shal"]
[Black "Burmakin,V"]
[Result "1/2-1/2"]
[WhiteElo "2117"]
[BlackElo "2605"]
[EventDate "2009.06.24"]

1. c4 Nf6 2. g3 c6 3. Bg2 d5 4. cxd5 cxd5 5. Nf3 Nc6 6. O-O Bf5 7. d3 e6 8.
Nbd2 Be7 9. Nb3 O-O 10. Be3 e5 11. d4 e4 12. Ne5 Rc8 13. Rc1 Qb6 14. Nxc6
Rxc6 15. Rxc6 Qxc6 16. Qd2 Qa6 17. Ra1 b6 18. Bf1 Rc8 19. Bg5 h6 20. Bf4
Qa4 21. Be5 Ne8 22. h3 Be6 23. g4 Nd6 24. e3 Nc4 25. Bxc4 Rxc4 26. Qe2 Qc6
27. Qd1 h5 28. Rc1 hxg4 29. hxg4 Rxc1 30. Qxc1 Qd7 31. Qc7 Bxg4 32. Qxd7
Bxd7 33. Nc1 Bd8 34. Ne2 b5 35. Nc3 Bc6 36. Bd6 f6 37. b4 Kf7 38. Kh2 Ke6
39. Bc5 a6 40. Ne2 g5 41. Nc3 f5 42. Ne2 Bc7+ 43. Kg1 f4 44. Nc1 f3 45. Nb3
g4 46. Ba7 g3 47. Nc5+ Ke7 48. Nxa6 gxf2+ 49. Kxf2 Bh2 50. Bb6 Kd7 51. Nc5+
Kd6 52. Bd8 Be8 53. Bh4 Kc6 54. Bg3 Bxg3+ 55. Kxg3 Kd6 56. Kf2 Ke7 57. a3
1/2-1/2

[Event "5th Open"]
[Site "Sort ESP"]
[Date "2009.06.26"]
[Round "3"]
[White "Debashis,D"]
[Black "Deshpande,Ani"]
[Result "1-0"]
[WhiteElo "2352"]
[BlackElo "2211"]
[EventDate "2009.06.24"]

1. e4 c5 2. Nf3 d6 3. d4 cxd4 4. Nxd4 Nf6 5. Nc3 e6 6. g4 h6 7. h4 Nc6 8.
Nb3 a6 9. Bg2 Ne5 10. g5 hxg5 11. Bxg5 Qc7 12. Qe2 Bd7 13. O-O-O Rc8 14.
Rhe1 b5 15. f4 Nc4 16. Rd3 b4 17. Nd5 exd5 18. exd5+ Kd8 19. Nd4 Qa5 20.
Kb1 Kc7 21. c3 Re8 22. Qf2 Ng4 23. Qg1 Rb8 24. Nb3 Qb5 25. Rd4 bxc3 26.
bxc3 Na3+ 27. Kc1 f6 28. Rb4 Qxb4 29. cxb4 fxg5 30. Na5 Nb5 31. a4 Rc8 32.
axb5 Bxb5 33. Qa7+ Kd8+ 34. Nc6+ Bxc6 35. dxc6 Rc7 36. Qb8+ Rc8 37. c7+ 1-0

[Event "5th Open"]
[Site "Sort ESP"]
[Date "2009.06.26"]
[Round "3"]
[White "Pham Guerrero,S"]
[Black "Abhishek,K"]
[Result "0-1"]
[WhiteElo "2212"]
[BlackElo "2178"]
[EventDate "2009.06.24"]

1. e4 c5 2. Nf3 d6 3. d4 cxd4 4. Nxd4 Nf6 5. Nc3 e6 6. Be3 Be7 7. f3 a6 8.
Qd2 O-O 9. O-O-O Nc6 10. g4 Nxd4 11. Bxd4 Nd7 12. Kb1 b5 13. h4 Qc7 14. g5
b4 15. Na4 a5 16. h5 Ne5 17. Qg2 Rb8 18. f4 Bd7 19. Nb6 Nc6 20. Nxd7 Qxd7
21. Bf6 Rfc8 22. Bxe7 Nxe7 23. Bd3 a4 24. f5 Nc6 25. g6 Ne5 26. gxf7+ Qxf7
27. h6 b3 28. cxb3 axb3 29. fxe6 bxa2+ 30. Ka1 Qg6 31. Qxg6 hxg6 32. h7+
Kh8 33. Rh2 Ng4 34. Rc2 Rxc2 35. Bxc2 Ne3 36. Rd2 Nxc2+ 37. Rxc2 Re8 38.
Kxa2 Rxe6 39. Rc4 Kxh7 40. b4 g5 41. b5 g4 42. b6 Re7 43. Kb3 g3 44. Rc3
Rb7 45. Rxg3 Rxb6+ 46. Kc4 Kh6 47. Kd5 g5 48. Ke6 Kh5 49. Kf5 Rb5+ 50. Ke6
Re5+ 51. Kxd6 Rxe4 52. Kd5 Re8 53. Rh3+ Kg4 54. Rh7 Kg3 55. Rg7 g4 56. Kd4
Kf3 57. Rf7+ Kg2 58. Kd3 g3 59. Kd2 Kh2 60. Rh7+ Kg1 61. Rg7 g2 62. Kd3 Rh8
0-1

[Event "5th Open"]
[Site "Sort ESP"]
[Date "2009.06.26"]
[Round "3"]
[White "Pujari,R"]
[Black "Girish,A"]
[Result "0-1"]
[WhiteElo "2043"]
[BlackElo "2270"]
[EventDate "2009.06.24"]

1. e4 c5 2. Nc3 a6 3. f4 b5 4. Nf3 Bb7 5. d3 e6 6. Be2 Nc6 7. O-O d6 8. Qe1
Nf6 9. Qg3 Nd4 10. Nxd4 cxd4 11. Nd1 Rc8 12. c3 dxc3 13. bxc3 h5 14. f5 h4
15. Qg5 e5 16. a4 bxa4 17. c4 h3 18. g4 Be7 19. Qd2 d5 20. Qb2 Qc7 21. exd5
a3 22. Qb3 Rb8 23. Qa4+ Nd7 24. Bxa3 Qb6+ 25. Kh1 Bxa3 26. Rxa3 Qd4 27. Bf3
Ke7 28. Qb4+ Nc5 29. Qd2 f6 30. Qf2 Qxf2 31. Nxf2 Kd6 32. Ra5 Nb3 33. Ne4+
Ke7 34. Ra3 Nd4 35. Bd1 Rhd8 36. g5 Bc8 37. Bg4 Rb2 38. d6+ Rxd6 39. Bxh3
Rd8 40. gxf6+ gxf6 41. Rf2 Rb1+ 42. Rf1 Rb2 43. Rf2 Nc2 44. Rc3 Rb1+ 45.
Rf1 Rxf1+ 46. Bxf1 Ne3 47. Bh3 Bb7 48. Bg2 Nxg2 49. Kxg2 Rxd3 0-1

[Event "5th Open"]
[Site "Sort ESP"]
[Date "2009.06.26"]
[Round "3"]
[White "Saranya,J"]
[Black "Fenil,S"]
[Result "1-0"]
[WhiteElo "1981"]
[BlackElo "2247"]
[EventDate "2009.06.24"]

1. e4 c5 2. Nf3 e6 3. d4 cxd4 4. Nxd4 Nc6 5. c4 Nf6 6. Nc3 Bb4 7. Nxc6 bxc6
8. Bd3 e5 9. O-O O-O 10. Na4 d5 11. cxd5 cxd5 12. Bg5 dxe4 13. Bxf6 Qxd3
14. Bxe5 Be6 15. a3 Be7 16. Nc3 Rfd8 17. Re1 f5 18. Qh5 Bc5 19. Qg5 Qd7 20.
b4 Qe7 21. Qxe7 Bxe7 22. g4 g6 23. Nb5 Bc4 24. Nc7 Rac8 25. Rac1 Bb3 26.
gxf5 gxf5 27. Rc3 Bf7 28. f3 Bh4 29. Rec1 Bg5 30. f4 Bh4 31. Rh3 Be7 32.
Rcc3 Bg6 33. Nb5 Rd1+ 34. Kg2 Rcd8 35. Rc2 R8d7 36. Rhc3 Bh5 37. Rg3+ Bg4
38. Rgc3 Bf3+ 39. Kh3 Rg1 40. Rxf3 exf3 41. Nd4 Rd1 42. Nxf3 R1d3 43. Kg2
Rxa3 44. Nd4 Rd3 45. Rc4 Rd2+ 46. Kg3 Kf7 47. Nxf5 R7d3+ 48. Kg4 Rg2+ 49.
Ng3 Rxh2 50. Ne4 Rg2+ 51. Kf5 Rh3 52. Rc7 Rh5+ 53. Ng5+ Ke8 54. Ke6 Rh6+
55. Kf5 Ra2 56. Rc8+ Kd7 57. Rc7+ Kd8 58. Nf7+ Ke8 59. Nxh6 Bxb4 60. Nf7
Be7 61. Ke6 Bd8 62. Rc8 Rd2 63. Nd6+ 1-0

[Event "5th Open"]
[Site "Sort ESP"]
[Date "2009.06.26"]
[Round "3"]
[White "Edo Teys,E"]
[Black "Fandino Reyes,R"]
[Result "0-1"]
[WhiteElo "1894"]
[BlackElo "2185"]
[EventDate "2009.06.24"]

1. e4 e5 2. Nf3 d6 3. d4 exd4 4. Nxd4 Nf6 5. Nc3 Be7 6. Bf4 O-O 7. Qd2 a6
8. O-O-O b5 9. f3 Re8 10. g4 Bb7 11. Kb1 Nbd7 12. h4 Ne5 13. Qf2 Nfd7 14.
Nf5 Bf8 15. h5 b4 16. Nd5 a5 17. g5 c6 18. Nde3 Qb6 19. g6 fxg6 20. hxg6
Nxg6 21. Bxd6 Ba6 22. Qh2 h6 23. Nc4 Qa7 24. Bd3 Re6 25. Rdg1 Nc5 26. Bxf8
Rxf8 27. Nxg7 Qxg7 28. Rg2 Nxd3 29. cxd3 Bxc4 30. dxc4 Rxf3 31. Qb8+ Qf8
32. Qxf8+ Kxf8 33. Rxh6 Kg7 34. Rh5 a4 0-1

[Event "5th Open"]
[Site "Sort ESP"]
[Date "2009.06.26"]
[Round "3"]
[White "Deepthamsh,R"]
[Black "Aranzana Areste,A"]
[Result "1-0"]
[WhiteElo "2110"]
[BlackElo "2022"]
[EventDate "2009.06.24"]

1. Nf3 d5 2. e3 Bg4 3. c4 Bxf3 4. Qxf3 e6 5. Nc3 Nf6 6. d4 c6 7. Bd3 Be7 8.
O-O O-O 9. b3 Nbd7 10. Bb2 Re8 11. Rad1 Qa5 12. Qe2 Bb4 13. Qc2 e5 14. a3
Bf8 15. b4 Qc7 16. cxd5 cxd5 17. dxe5 Nxe5 18. Nxd5 Nxd5 19. Bxh7+ Kh8 20.
Rxd5 Qxc2 21. Bxc2 Rac8 22. Bf5 Nc4 23. Bxc8 Nxb2 24. Bxb7 Nc4 25. Rfd1 Rb8
26. Ba6 1-0

[Event "5th Open"]
[Site "Sort ESP"]
[Date "2009.06.26"]
[Round "3"]
[White "Anuprita,P"]
[Black "Beltre,P"]
[Result "1-0"]
[WhiteElo "2065"]
[BlackElo "1967"]
[EventDate "2009.06.24"]

1. e4 c5 2. Nc3 a6 3. a4 e6 4. Nf3 d6 5. d4 cxd4 6. Nxd4 Nf6 7. Be3 Qc7 8.
Bd3 b6 9. O-O Be7 10. f4 Bb7 11. Qf3 Nbd7 12. Rae1 O-O 13. g4 Nc5 14. g5
Nxd3 15. cxd3 Nd7 16. Qh5 g6 17. Qh6 Rfe8 18. Rf3 Bf8 19. Qh4 Bg7 20. Rh3
Nf8 21. Rc1 Qd7 22. Rf3 e5 23. Nde2 d5 24. Bxb6 dxe4 25. dxe4 exf4 26. Qxf4
Be5 27. Qh4 Rac8 28. Rd1 Qe6 29. Bd4 Bxd4+ 30. Nxd4 Qb6 31. Qf4 Rc7 32. Rf2
Rd7 33. Nd5 Bxd5 34. exd5 Qc5 35. Nc6 Re2 36. Qd4 Qxd4 37. Rxd4 Rxf2 38.
Kxf2 Rb7 39. b4 Nd7 40. Ke3 Nb6 41. a5 Nd7 42. Kf4 Kg7 43. Ne5 f6 44. Nxd7
fxg5+ 45. Ke5 Rxd7 46. Ke6 Rf7 47. d6 Rf6+ 48. Ke7 Rf7+ 49. Kd8 Rf4 50. Rd5
Kf7 51. d7 Rc4 52. Rc5 Rd4 53. Kc7 Ke7 54. Re5+ Kf6 55. Re1 Rc4+ 56. Kb7
Rxb4+ 57. Kxa6 1-0

[Event "5th Open"]
[Site "Sort ESP"]
[Date "2009.06.26"]
[Round "3"]
[White "Bharathi,R"]
[Black "Roy,Pa"]
[Result "1-0"]
[WhiteElo "2081"]
[BlackElo "2061"]
[EventDate "2009.06.24"]

1. e4 d5 2. exd5 Qxd5 3. Nc3 Qd6 4. d4 Nf6 5. Nf3 c6 6. Bd3 Bg4 7. Be3 Nbd7
8. h3 Bh5 9. Qe2 O-O-O 10. g4 Nxg4 11. hxg4 Bxg4 12. O-O-O f5 13. d5 Kb8
14. dxc6 Qxc6 15. Bf4+ e5 16. Nxe5 Nxe5 17. Bxe5+ Bd6 18. Qe3 Bxd1 19.
Bxd6+ Rxd6 20. Rxd1 a6 21. Qe5 Qc7 22. Nd5 Qc5 23. Bxf5 Rhd8 24. b4 Qc4 25.
Ne3 Qxb4 26. Nc4 Qxc4 27. Rxd6 Rxd6 28. Qxd6+ Ka7 29. Bd3 Qxa2 30. Qc5+ Kb8
31. Qd6+ Ka7 32. Qd4+ Kb8 33. Bxh7 Qf7 34. Bd3 Qe7 35. f4 Ka8 36. Be4 Qc7
37. Qe5 Qf7 38. Bd5 Qd7 39. Qe6 1-0

[Event "5th Open"]
[Site "Sort ESP"]
[Date "2009.06.26"]
[Round "3"]
[White "Shristi,J"]
[Black "Mentink,T"]
[Result "1-0"]
[WhiteElo "1949"]
[BlackElo "1888"]
[EventDate "2009.06.24"]

1. e4 e5 2. Nf3 Nf6 3. Nxe5 d6 4. Nf3 Nxe4 5. Nc3 Nf6 6. d4 c6 7. Bg5 Be7
8. Bd3 Nbd7 9. Qe2 d5 10. O-O O-O 11. Rfe1 Bd6 12. Bf5 Qc7 13. Qd3 h6 14.
Bh4 b5 15. a3 a5 16. Na2 Ba6 17. b4 a4 18. Qc3 Rae8 19. Rxe8 Rxe8 20. Re1
Ne4 21. Qd3 Ndf6 22. Nc3 Bc8 23. Bxe4 Nxe4 24. Nxe4 dxe4 25. Rxe4 Be6 26.
Bg3 Rd8 27. Qc3 Bxg3 28. hxg3 Bd5 29. Re5 Qc8 30. Re7 Qg4 31. Qd3 Bxf3 32.
gxf3 Qg5 33. Re5 Qf6 34. Kg2 g6 35. Qe4 Kg7 36. c3 Rd6 37. f4 h5 38. Re8
Re6 39. Rxe6 Qxe6 40. Qxe6 fxe6 41. Kf3 Kf6 42. Ke4 Kf7 43. Ke5 Ke7 44. f3
Kd7 45. Kf6 Kd6 46. Kxg6 Kd5 47. f5 exf5 48. Kxf5 Kc4 49. Ke4 Kxc3 50. f4
Kb3 51. f5 Kxa3 52. f6 Kb2 53. f7 a3 54. f8=Q a2 55. Qf2+ Kb1 56. Kd3 Ka1
57. Qe1+ Kb2 58. Qd2+ Ka3 59. Qc3+ Ka4 60. Kc2 a1=N+ 61. Kb2 c5 62. Qa3+
1-0

[Event "5th Open"]
[Site "Sort ESP"]
[Date "2009.06.27"]
[Round "4"]
[White "Teske,H"]
[Black "Priyadharshan,K"]
[Result "1-0"]
[WhiteElo "2523"]
[BlackElo "2411"]
[EventDate "2009.06.24"]

1. Nf3 Nf6 2. c4 c5 3. Nc3 Nc6 4. g3 e6 5. Bg2 d5 6. cxd5 Nxd5 7. O-O Nxc3
8. dxc3 Qc7 9. Qa4 Bd7 10. Qe4 Bd6 11. Rd1 Rd8 12. Qg4 g6 13. Bh6 Ne5 14.
Nxe5 Bxe5 15. Qh4 Bc8 16. f4 Rxd1+ 17. Rxd1 Bd6 18. Bg7 Be7 19. Qh3 e5 20.
Bxe5 Bxh3 21. Bxc7 Bxg2 22. Kxg2 f6 23. Bd6 Bxd6 24. Rxd6 Ke7 25. Rd5 b6
26. Kf3 h5 27. e4 Ke6 28. c4 f5 29. e5 Re8 30. Rd6+ Kf7 31. Rd7+ Re7 32.
Rxe7+ Kxe7 33. Kg2 1-0

[Event "5th Open"]
[Site "Sort ESP"]
[Date "2009.06.27"]
[Round "4"]
[White "Barsov,A"]
[Black "Debashis,D"]
[Result "1-0"]
[WhiteElo "2505"]
[BlackElo "2352"]
[EventDate "2009.06.24"]

1. d4 d5 2. c4 c6 3. Nf3 Nf6 4. Nc3 e6 5. Bg5 h6 6. Bxf6 Qxf6 7. Qb3 dxc4
8. Qxc4 Nd7 9. e3 g6 10. Be2 Bg7 11. O-O O-O 12. Rfd1 e5 13. Ne4 Qe7 14. d5
cxd5 15. Qxd5 Nb6 16. Qc5 Qxc5 17. Nxc5 Re8 18. a4 e4 19. Nd2 Bxb2 20. Ra2
Be5 21. Ndxe4 Bf5 22. a5 Nc8 23. Ng3 Be6 24. Nxe6 Rxe6 25. Rd8+ Kg7 26. Rc2
Rc6 27. Rxc6 bxc6 28. Rd7 a6 29. Ne4 Ra7 30. Rd8 Ne7 31. Re8 Bb2 32. g4 Nd5
33. Rc8 Ne7 34. Rb8 Be5 35. Re8 Bb2 36. Bc4 Nd5 37. Rc8 Ne7 38. Rb8 Be5 39.
Re8 Bc7 40. Rxe7 Bxh2+ 41. Kxh2 Rxe7 42. Nc5 Re5 43. Nb7 Re4 44. Bxa6 Rxg4
45. f4 Rh4+ 46. Kg2 g5 47. Be2 gxf4 48. e4 f5 49. Nd6 1-0

[Event "5th Open"]
[Site "Sort ESP"]
[Date "2009.06.27"]
[Round "4"]
[White "Abhishek,K"]
[Black "Roeder,M"]
[Result "1/2-1/2"]
[WhiteElo "2178"]
[BlackElo "2426"]
[EventDate "2009.06.24"]

1. e4 g6 2. d4 Bg7 3. Nc3 d6 4. Nge2 Nd7 5. g3 e5 6. Bg2 Ngf6 7. O-O O-O 8.
d5 a5 9. h3 Nc5 10. Be3 Bd7 11. f4 Qe7 12. fxe5 Qxe5 13. Bd4 Qe7 14. Nf4 b5
15. Re1 b4 16. e5 dxe5 17. Bxe5 Rae8 18. d6 cxd6 19. Ncd5 1/2-1/2

[Event "5th Open"]
[Site "Sort ESP"]
[Date "2009.06.27"]
[Round "4"]
[White "Kohlweyer,B"]
[Black "Colovic,A"]
[Result "1-0"]
[WhiteElo "2435"]
[BlackElo "2443"]
[EventDate "2009.06.24"]

1. d4 d5 2. c4 c6 3. Nf3 Nf6 4. e3 Bf5 5. Nc3 e6 6. Nh4 Be4 7. f3 Bg6 8.
Qb3 Qc7 9. Bd2 Be7 10. g3 Nbd7 11. cxd5 exd5 12. O-O-O Rd8 13. Nxg6 hxg6
14. Kb1 Nf8 15. Bc1 Ne6 16. Qc2 a6 17. Bd3 O-O 18. g4 c5 19. dxc5 Nxc5 20.
g5 Ne8 21. Be2 Qc6 22. h4 b5 23. h5 Nc7 24. hxg6 Qxg6 25. Qxg6 fxg6 26. f4
N5e6 27. Bd3 d4 28. exd4 Nxf4 29. Bc2 Nfd5 30. Nxd5 Nxd5 31. Bxg6 Rf2 32.
Rh5 Bb4 33. Be4 Nf4 34. Rh4 Nd5 35. g6 Nf6 36. Bc2 Kf8 37. a3 Ba5 38. b4
Bc7 39. Re1 Rh2 40. Rxh2 Bxh2 41. Re6 Rd6 42. Rxd6 Bxd6 43. Bf5 Ne8 44. Kc2
Nc7 45. Kd3 Bg3 46. Bg5 Ke8 47. Bc8 Bh2 48. Ke4 Bd6 49. d5 Bg3 50. Be3 Kd8
51. Bb7 Ne8 52. Bxa6 Nd6+ 53. Kd3 Be5 54. Bd4 Bxd4 55. Kxd4 Kc7 56. Kc5 Nc4
57. Bxb5 1-0

[Event "5th Open"]
[Site "Sort ESP"]
[Date "2009.06.27"]
[Round "4"]
[White "Burmakin,V"]
[Black "Deepthamsh,R"]
[Result "1-0"]
[WhiteElo "2605"]
[BlackElo "2110"]
[EventDate "2009.06.24"]

1. d4 Nf6 2. g3 e6 3. Bg2 d5 4. Nf3 Be7 5. O-O O-O 6. c4 dxc4 7. Qc2 a6 8.
a4 Bd7 9. Nbd2 Bc6 10. Nxc4 Nbd7 11. Ncd2 Rc8 12. e4 Re8 13. b3 Nf8 14. Rd1
Bd7 15. Ne5 c5 16. d5 b5 17. Bb2 exd5 18. exd5 Bd6 19. Nc6 Bxc6 20. dxc6
Qe7 21. axb5 axb5 22. Nf1 Be5 23. Ne3 Bxb2 24. Qxb2 Qc7 25. Nf5 Rcd8 26.
Rxd8 Rxd8 27. Qe2 Ne6 28. Rd1 Rxd1+ 29. Qxd1 g6 30. Ne3 Nd4 31. b4 Nxc6 32.
Qf3 Nxb4 33. Qxf6 c4 34. Qd4 Nd3 35. Nd5 Qa5 36. Be4 Qe1+ 37. Kg2 Qd2 38.
Bxd3 cxd3 39. Nb4 Qd1 40. Qxd3 1-0

[Event "5th Open"]
[Site "Sort ESP"]
[Date "2009.06.27"]
[Round "4"]
[White "Udeshi,A"]
[Black "Gagare,Shal"]
[Result "1-0"]
[WhiteElo "2281"]
[BlackElo "2117"]
[EventDate "2009.06.24"]

1. e4 c6 2. d4 d5 3. f3 g6 4. Nc3 Bg7 5. Be3 Nf6 6. e5 Nfd7 7. Qd2 O-O 8.
O-O-O e6 9. f4 b5 10. h4 a5 11. h5 b4 12. Na4 Re8 13. g4 Ba6 14. f5 Nf8 15.
Bh6 Bh8 16. Nf3 Bb5 17. Nc5 Nbd7 18. Nxd7 Qxd7 19. Bxf8 exf5 20. Bc5 fxg4
21. Ng5 h6 22. hxg6 f6 23. Nf7 Bg7 24. exf6 1-0

[Event "5th Open"]
[Site "Sort ESP"]
[Date "2009.06.27"]
[Round "4"]
[White "Girish,A"]
[Black "Anuprita,P"]
[Result "1-0"]
[WhiteElo "2270"]
[BlackElo "2065"]
[EventDate "2009.06.24"]

1. d4 d5 2. Nf3 Nf6 3. c4 c6 4. cxd5 cxd5 5. Nc3 Nc6 6. Bf4 Qb6 7. Na4 Qa5+
8. Bd2 Qd8 9. Rc1 Ne4 10. e3 e6 11. a3 Bd6 12. Bd3 Nxd2 13. Qxd2 O-O 14.
O-O e5 15. dxe5 Nxe5 16. Nxe5 Bxe5 17. f4 Bf6 18. Bb1 Bd7 19. Nc5 Bb5 20.
Rfd1 b6 21. Nd3 Ba4 22. Re1 Qd6 23. Nb4 Rfd8 24. Ba2 d4 25. e4 d3 26. Bd5
Bd4+ 27. Kh1 Rac8 28. Nxd3 a5 29. Nf2 Bc5 30. Nd3 Bb3 31. Bxb3 Qxd3 32.
Qxd3 Rxd3 33. Bd5 Re8 34. Red1 Rxd1+ 35. Rxd1 Kf8 36. g3 Ke7 37. Kg2 Be3
38. Kf3 Bc5 39. Rc1 Rd8 40. Rc4 f6 41. h3 Rd7 42. h4 Rc7 43. e5 fxe5 44.
fxe5 Rc8 45. b4 axb4 46. axb4 Rf8+ 47. Ke4 Bf2 48. Rc7+ Ke8 49. e6 Rf6 50.
Bc6+ Kd8 51. e7+ Kxc7 52. e8=Q Rxc6 53. Qf7+ 1-0

[Event "5th Open"]
[Site "Sort ESP"]
[Date "2009.06.27"]
[Round "4"]
[White "Devangi,P"]
[Black "Kulkarni,C"]
[Result "1/2-1/2"]
[WhiteElo "2078"]
[BlackElo "2257"]
[EventDate "2009.06.24"]

1. e4 c5 2. Nf3 Qa5 3. Bc4 Nc6 4. Nc3 d6 5. O-O Nf6 6. h3 e6 7. Re1 Be7 8.
e5 dxe5 9. Nxe5 Nxe5 10. Rxe5 O-O 11. Qf3 Qc7 12. Re1 Bd7 13. d3 Bc6 14.
Qe2 a6 15. a4 h6 16. Be3 Rad8 17. a5 Rfe8 18. Bd2 Bd6 19. Ne4 Nxe4 20. dxe4
Bf4 21. Bc3 Be5 22. Qe3 Bd4 23. Bxd4 Rxd4 24. Bd3 Red8 25. b3 Qd7 26. Qg3
Bb5 27. Bxb5 Qxb5 28. Qc7 R4d7 29. Qe5 Rd2 30. Re3 Kh7 31. Rg3 g6 32. Rc3
Qe2 33. Qf4 R8d7 34. Rxc5 Rxc2 35. Rc1 Rxc5 36. Rxc5 g5 37. Qe3 Qxe3 38.
fxe3 Kg6 39. Rc3 Kf6 40. Kf2 Rd2+ 41. Kf3 Rb2 42. g4 Kg6 43. Rd3 Kf6 44.
Rc3 Rb1 45. Kg3 Ke5 46. Kf3 f6 47. Rc5+ Kd6 48. Rc3 Kd7 49. Kg3 Rg1+ 50.
Kf2 Rh1 51. Kg2 Rd1 52. Kf3 Rd6 53. Rc4 Rc6 54. Rd4+ Kc7 55. Ke2 Rc3 56.
Rb4 Rc6 57. Kd3 Rd6+ 58. Rd4 Kc6 59. Rxd6+ Kxd6 60. Kd4 Kc6 61. Kc4 Kd6
1/2-1/2

[Event "5th Open"]
[Site "Sort ESP"]
[Date "2009.06.27"]
[Round "4"]
[White "Deshpande,Ani"]
[Black "Bharathi,R"]
[Result "1-0"]
[WhiteElo "2211"]
[BlackElo "2081"]
[EventDate "2009.06.24"]

1. d4 d5 2. Nf3 Nf6 3. c4 e6 4. g3 c5 5. Bg2 Nc6 6. cxd5 exd5 7. O-O h6 8.
Nc3 Be7 9. Bf4 O-O 10. dxc5 Bxc5 11. Rc1 Be6 12. Na4 Bb6 13. a3 d4 14. Ne5
Bd5 15. Nxb6 Bxg2 16. Kxg2 Qxb6 17. Nxc6 bxc6 18. Be5 c5 19. Bxf6 gxf6 20.
Qd3 Rfd8 21. Rc2 Rac8 22. Rfc1 a5 23. Qf5 Qc6+ 24. Kg1 Rd5 25. Qf4 Kg7 26.
Qg4+ Rg5 27. Qxd4 cxd4 28. Rxc6 Rxc6 29. Rxc6 Rb5 30. Rc2 Kg6 31. Rd2 h5
32. h4 f5 33. Kg2 Kf6 34. Rxd4 Rxb2 35. Rd6+ Ke5 36. Ra6 Rb5 37. e3 Rc5 38.
Kf3 Rb5 39. Rc6 Rd5 40. a4 f6 41. Ke2 Ke4 42. f3+ Ke5 43. f4+ 1-0

[Event "5th Open"]
[Site "Sort ESP"]
[Date "2009.06.27"]
[Round "4"]
[White "Fenil,S"]
[Black "Shristi,J"]
[Result "1-0"]
[WhiteElo "2247"]
[BlackElo "1949"]
[EventDate "2009.06.24"]

1. e4 c5 2. Nf3 Nc6 3. d4 cxd4 4. Nxd4 Nf6 5. Nc3 e5 6. Ndb5 d6 7. Bg5 a6
8. Na3 b5 9. Nd5 Be7 10. Bxf6 Bxf6 11. c4 Qa5+ 12. Qd2 Qxd2+ 13. Kxd2 Bg5+
14. Kd1 Rb8 15. cxb5 Nd4 16. bxa6 O-O 17. h4 Bd8 18. b4 Be6 19. Bc4 Bb6 20.
Rb1 Kh8 21. Kd2 f5 22. Nxb6 Rxb6 23. b5 fxe4 24. Bxe6 Nxe6 25. Nc4 Rbb8 26.
a7 Rb7 27. b6 Nc5 28. Na5 Rbf7 29. b7 Rxf2+ 30. Kc3 Nxb7 31. Rxb7 Rc8+ 32.
Kb4 Rff8 33. Nc4 h6 34. Nb6 Rcd8 35. a4 d5 36. a5 e3 37. a8=Q Rxa8 38. Nxa8
Rxa8 39. Rb5 e2 40. Rxd5 Rf8 41. Re1 1-0

[Event "5th Open"]
[Site "Sort ESP"]
[Date "2009.06.27"]
[Round "4"]
[White "Aranzana Areste,A"]
[Black "Pham Guerrero,S"]
[Result "0-1"]
[WhiteElo "2022"]
[BlackElo "2212"]
[EventDate "2009.06.24"]

1. e4 c5 2. Nf3 d6 3. c3 Nf6 4. Bb5+ Bd7 5. Bxd7+ Qxd7 6. d3 g6 7. O-O Bg7
8. Re1 O-O 9. d4 cxd4 10. cxd4 Nc6 11. Nc3 Rac8 12. Be3 Ng4 13. Bg5 h6 14.
Bh4 Na5 15. h3 Nf6 16. e5 Nh5 17. exd6 exd6 18. Re7 Qc6 19. Qe2 g5 20. Bxg5
hxg5 21. Nxg5 Nf4 22. Qg4 Qxg2+ 23. Qxg2 Nxg2 24. Nge4 Nf4 25. Nxd6 Rc6 26.
Nf5 Rg6+ 27. Kf1 Bf6 28. Re4 Nxh3 29. Ke2 Ng5 30. Rg4 Re8+ 31. Kd3 Nh3 32.
Ne4 Rxe4 33. Rxe4 Nxf2+ 34. Ke3 Nxe4 35. Kxe4 Rg4+ 36. Kf3 Rg5 37. Ke4 Nc6
38. Rc1 Bxd4 39. Nxd4 Rg4+ 40. Ke3 Nxd4 41. Rc7 Nf5+ 42. Kd3 Rb4 43. b3 Kg7
44. Kc3 Rb6 45. Rd7 Kg6 46. a4 a5 47. Kc4 Rb4+ 0-1